[One Piece] Membres de l'armada de Barbe Blanche en images - Statistiques

Statistiques générales
  • Ce quiz a été pris 83 fois
  • Le résultat moyen est 14 sur 44
Statistiques - réponses
Par images Réponse % Correct
Squard
94%
Jinbe
87%
Whitey Bay
74%
Epoida
65%
Little Oz Jr.
65%
A.O.
52%
Frères Decalvan
52%
McGuy
52%
Doma
45%
Islewan
45%
Delacuaji
35%
Elmy
35%
Palms
35%
Amadob
32%
André
32%
Bizarre
32%
Karma
32%
Zodia
29%
Brew
26%
Brocca
26%
Ramba
26%
Arthur
23%
Blondie
23%
Cands
23%
Hangan
23%
Julius
23%
Kinga
23%
Pavlik
23%
Vitan
23%
Wallem
23%
Choï
19%
Colscon
19%
Great Michael
19%
Kechatch
19%
Ninth
19%
Nosgarl
19%
Baggaley
16%
Forliewbs
16%
Happygun
16%
Rush
16%
Sleepy
16%
Zucca
16%
Agsilly
13%
Reforto
13%
Aucun quiz correspondant
Distribution des résultats
% des personnes avec chaque résultat
Percentile par nombre de réponses
Votre historique - résultats
Vous n’avez pas pris ce quiz